000 00214 a2200097 4500
001 42992
100 _aBolitho
245 _aJinnah: creator of Pakistan
260 _aLondon
_bJohn Murray
_c
090 _c26868
_d26868
942 _aNUST-CAE
_cM
_c18744
999 _c278065
_d278065